000
00223nam a22000857a 4500
008
161022b xxu||||| |||| 00| 0 eng d
100
_9
919
_a
Dunham.B.
245
_a
Man Against Myth
260
_a
New Delhi
_b
N.B.T. Publications
_c
2007
999
_c
3574
_d
3574